01282cam a2200337 a 45000010008000000030004000080050017000120080041000290100017000700200018000870400018001050500024001230820035001471000028001822450101002102500012003112600056003233000035003795040053004145210021004675260016004885410006005045620006005106500060005166500031005767000027006077000027006348560104006618560090007658560089008554517654OSt20140310182657.0981105s1999 maua b 001 0 eng  a 98218133  a9789814221146 aDLCcDLCdDLC00aPE 1128b.M973 200800aM 428.240222nd ed.bM973 20082 aCelce-Murcia, Marianne.14aThe grammar book :ban ESL/EFL teacher's course /cMurcia, Marianne Celce; Freeman, Diane Larsen a2nd ed. aSingapore :bCengage Learning Asia Pte Ltd,cc2008. aviii, 854 p. :bill. ;c25 cm. aIncludes bibliographical references and indexes. aCollege students c1210L-1700L j1 e1 0aEnglish languagexStudy and teachingxForeign speakers. 0aEnglish languagexGrammar.2 aLarsen-Freeman, Diane.1 aWilliams, Howard Alan.423Contributor biographical informationuhttp://www.loc.gov/catdir/enhancements/fy1104/98218133-b.html413Table of contents onlyuhttp://www.loc.gov/catdir/enhancements/fy1104/98218133-t.html423Publisher descriptionuhttp://www.loc.gov/catdir/enhancements/fy1104/98218133-d.html